Aspects of human development and culture / (Record no. 10331)

MARC details
000 -LEADER
fixed length control field 00772 a2200205 4500
010 ## - LIBRARY OF CONGRESS CONTROL NUMBER
LC control number ENG-89238
020 ## - INTERNATIONAL STANDARD BOOK NUMBER
International Standard Book Number 8181981081
Terms of availability 695.00
035 ## - SYSTEM CONTROL NUMBER
System control number EN-72771
037 ## - SOURCE OF ACQUISITION
Source of stock number/acquisition DBAD / PUB
082 14 - DEWEY DECIMAL CLASSIFICATION NUMBER
Classification number 303.44
090 ## - LOCALLY ASSIGNED LC-TYPE CALL NUMBER (OCLC); LOCAL CALL NUMBER (OCLC)
-- 10616
-- 10616
100 1# - MAIN ENTRY--PERSONAL NAME
Personal name Shekhawat, Prahlad Singh
245 1# - TITLE STATEMENT
Title Aspects of human development and culture /
Statement of responsibility, etc by Prahlad Singh Shekhawat
260 ## - PUBLICATION, DISTRIBUTION, ETC. (IMPRINT)
Place of publication, distribution, etc Jaipur
Name of publisher, distributor, etc University Book House
Date of publication, distribution, etc 2006
270 ## - ADDRESS
Address 79, Chaura Rasta, Jaipur
City Jaipur
Postal code 302 003
State or province Rajasthan
Telephone number 0141-2311466
Fax number 0141-2313382
Electronic mail address uni_bookhouse@yahoo.com
300 ## - PHYSICAL DESCRIPTION
Extent ix, 171p.
Dimensions 22cm (Hb)
500 ## - GENERAL NOTE
General note Includes bibliographical references and index
942 ## - ADDED ENTRY ELEMENTS (KOHA)
Institution code [OBSOLETE] dpl
Koha item type English Books
Call number prefix 303.44 / SHE
Holdings
Withdrawn status Lost status Source of classification or shelving scheme Damaged status Not for loan Collection code Home library Current library Source of acquisition Cost, normal purchase price Total Checkouts Full call number Barcode Date last seen Copy number Uniform Resource Identifier Cost, replacement price Price effective from Koha item type
    Dewey Decimal Classification   Not For Loan Non-fiction D.B.Act.Division D.B.Act.Division DBAD/PUB 695.00   303.44 SHE EN-72771 15/09/2008 1 11372 695.00 15/09/2008 English Books

© Delhi Public Library
Hit Counter
free hit counter